| 000 | 00703nam a22001937a 4500 | ||
|---|---|---|---|
| 005 | 2010050401001.0 | ||
| 008 | 100309t xxu||||| |||| 00| 0 eng d | ||
| 020 |
_a9780230638996 _c345.00 |
||
| 037 | _bPUB | ||
| 040 |
_adpl _bEnglish |
||
| 100 | _aBerman, Margo | ||
| 245 |
_aStreet-smart advertising: _cby Margo Berman _bhow to win the battle of the buzz / |
||
| 260 |
_aNew Delhi _bMacmillan _c2009(repr.). |
||
| 270 |
_a2/10, Ansari Road, Daryaganj _bNew Delhi _e110002 |
||
| 300 |
_axii, 235p. _c25cm(pbk) |
||
| 500 | _aIncludes glossary, bibliographical references and index | ||
| 942 |
_2ddc _cEN _mBER |
||
| 999 |
_c35649 _d35649 |
||